Matemáticas : primer grado

Gespeichert in:
Bibliographische Detailangaben
Körperschaften: México. Secretaría de Educación Pública. Subsecretaría de Educación Básica y Normal. Dirección General de Materiales y Métodos Educativos., Comisión Nacional de Libros de Texto Gratuitos. (México)
Weitere Verfasser: Block Sevilla, David Francisco. 1954- Fuenlabrada Velázquez, Irma Rosa. (Projektleitung)
Format: Buch
Sprache:Spanisch
Erschienen: México : SEP, Comisión Nacional de Libros de Texto Gratuitos, 2004.
Ausgabe:6a. ed.
Katalog:MANES:  Suchergebnis im Bibliothekskatalog
Schulbuchspezifische Eigenschaften:
Schriftenreihe:Libro de texto gratuito
Tags: Tag hinzufügen
Keine Tags, Fügen Sie den ersten Tag hinzu!
Hinzugefügt zu:03.03.2000
Geändert in:08.05.2025

MARC

LEADER 00000nam a2200000 a 4500
003 OSt
005 20250508092022.0
008 000304 20041999mx a spa d
020 |a 9680101290 (Obra general)  |a 9680101347 
040 |a CINV  |c CINV 
050 0 4 |a LTG LB1589  |b M49 1º 2004 
051 0 4 |a LTG LB1589-M49 1º 2004 
110 2 |a México.  |b Secretaría de Educación Pública.  |b Subsecretaría de Educación Básica y Normal.  |b Dirección General de Materiales y Métodos Educativos.  |9 24461 
245 0 0 |a Matemáticas :  |b primer grado /  |c Coordinación David Francisco Block Sevilla, Irma Rosa Fuenlabrada Velázquez. 
250 |a 6a. ed. 
260 |a México :  |b SEP, Comisión Nacional de Libros de Texto Gratuitos,   |c 2004. 
300 |a 159 p. :  |b il. ;  |c 27 cm. 
500 |a Ciclo escolar 2008-2009 
440 |a Libro de texto gratuito  |9 21882 
546 |a México 
561 |5 mx-CINVES  |a México. DIE-Cinvestav (Ciudad de México)  |k MANES 
691 0 |a PRI 
700 1 |a Block Sevilla, David Francisco.  |d 1954-  |e coord.  |a Fuenlabrada Velázquez, Irma Rosa.  |9 45572 
710 2 |a Comisión Nacional de Libros de Texto Gratuitos. (México)  |9 24074 
910 |a E-35175  |b Don.- 2004  |a E-1841(ej.2)  |b Don.- 2009 
911 |a E-35175 
942 |2 ddc  |c BK 
999 |c 54540  |d 54540 
999 |c manes:54540  |d 54540